Quiz sur la musique francophone VOL9 - Statistiques

Statistiques générales
  • Ce quiz a été pris 18 fois
  • Le résultat moyen est 8 sur 15
Statistiques - réponses
Question Réponse % Correct
D'où est origine le groupe Trois Cafés gourmands? Corrèze
75%
Complète les paroles de la chanson "Marie" par Johnny Hallyday : Oh Marie si tu savais Tout le mal que l'on me fait Oh Marie si je pouvais ... Dans tes bras nus me reposer
75%
Lequel de ces groupes n'est pas francophone?
69%
Qui présente "Fan de" sur M6 de1997 à 2005? Séverine Ferrer
69%
Quelle chanson n'a jamais été l'hymne du spectacle des Enfoirés? Aux armes et caetera
63%
Qui a publié l'album "L'École du micro d'argent" en 1997? IAM
63%
Quelle est la chanson officielle de l'équipe de France de football pour la Coupe du monde 2002? "Tous ensemble" de Johnny Hallyday
56%
Qui est l'alter ego de Christine & The Queens? Rahim Redcar
50%
Qui n'a jamais participé à la réalisation d'un album de Vanessa Paradis? Jean-Louis Murat
44%
Lequel de ces albums de Yelle est sorti en 2020 avec le tube "Je veux un chien"?
38%
Qui étaient les membres des L5 lors de sa création? Alexandra, Marjorie, Coralie, Claire & Lydy
38%
Qui sort l'album "Mes courants électriques…" en 2003? Alizée
38%
Qui interprète "Someone (Laissons Nous Une Chance)" avec le groupe Hanson en 2005? Emma Daumas
38%
Quelle est le nom de la tounée de Jenifer en 2025 lors de laquelle elle réorchestre ses plus grands succès? Jukebox
38%
Quels sont les titres d'albums de Claudio Capéo? Rose des vents / Nouveau souffle / Tant que rien ne m'arrête
19%
Aucun quiz correspondant
Distribution des résultats
% des personnes avec chaque résultat
Percentile par nombre de réponses
Votre historique - résultats
Vous n’avez pas pris ce quiz